Visualizzazione normale
Vista MARC
- Procreazione
di Topical Term
Records bibliografici associati: 1
001 - CONTROL NUMBER
- control field: 59977
003 - CONTROL NUMBER IDENTIFIER
- control field:
005 - DATE AND TIME OF LATEST TRANSACTION
- control field: 20230428112710.0
008 - FIXED-LENGTH DATA ELEMENTS
- fixed length control field: 230428|| aca||aabn | a|a d
040 ## - CATALOGING SOURCE
- Original cataloging agency:
- Transcribing agency:
150 ## - HEADING--TOPICAL TERM
- Topical term or geographic name entry element: Procreazione
670 ## - SOURCE DATA FOUND
- Source citation: Work cat.: ()245181: Di Pietro Maria Luisa 59976, Il dibattito sulla fecondazione artificiale: dal 1949-1987, 2010